Music Quiz

Random Music or Song Quiz
Score 0/18 Timer 10:00
0 Plays Today
Song Artist % Correct
You Are Not AloneMichael Jackson
95.4%
Earth SongMichael Jackson
95.4%
Back For GoodTake That
94.5%
Never ForgetTake That
94.5%
BoombasticShaggy
91.7%
Gangsta's ParadiseCoolio featuring L.V.
90.8%
Cotton Eye JoeRednex
85.3%
Unchained MelodyRobson and Jerome
85.3%
I Believe/Up On The RoofRobson and Jerome
85.3%
Song Artist % Correct
Country HouseBlur
80.7%
Think TwiceCeline Dion
78%
FairgroundSimply Red
77.1%
Some Might SayOasis
75.2%
Don't Stop (Wiggle Wiggle)Outhere Brothers
61.5%
Boom Boom BoomOuthere Brothers
61.5%
Love Can Build A BridgeCher, Chrissie Hynde and Neneh Cherry featuring Eric Clapton
45.9%
DreamerLivin' Joy
37.6%
7.3%
Remove Ads.
Support Sporcle.
Get the best of Sporcle when you Go Orange. This ad-free experience offers more features, more stats, and more fun while also helping to support Sporcle. Thank you for becoming a member.

You're not logged in!

Compare scores with friends on all Sporcle quizzes.
OR
Log In

Show Comments

Extras

Top Quizzes Today


Score Distribution

Your Account Isn't Verified!

In order to create a playlist on Sporcle, you need to verify the email address you used during registration. Go to your Sporcle Settings to finish the process.

Report this User

Report this user for behavior that violates our Community Guidelines.

Details: